Marketing. (Record no. 2664)

MARC details
005 - DATE AND TIME OF LATEST TRANSACTION
control field 20250526124015.0
020 ## - INTERNATIONAL STANDARD BOOK NUMBER
International Standard Book Number 0 19 833536 9
082 ## - DEWEY DECIMAL CLASSIFICATION NUMBER
Classification number 658.8 EVA
100 ## - MAIN ENTRY--PERSONAL NAME
Author name EVANS, D.
245 ## - TITLE STATEMENT
Title Marketing.
260 ## - PUBLICATION, DISTRIBUTION, ETC.
Place of publication, distribution, etc. New York,
Name of publisher, distributor, etc. oxford,
Date of publication, distribution, etc. 1990.
300 ## - PHYSICAL DESCRIPTION
Extent 254p.: ill.; picture
Other physical details Index
Dimensions 24cm
942 ## - ADDED ENTRY ELEMENTS (KOHA)
Source of classification or shelving scheme Dewey Decimal Classification
Koha item type Books
Holdings
Date last seen Total checkouts Full call number Barcode Cost, replacement price Price effective from Koha item type Lost status Source of classification or shelving scheme Damaged status Not for loan Withdrawn status Home library Current library Shelving location Date acquired Cost, normal purchase price
05/26/2025   658.8 EVA 0000009969 30000.00 05/26/2025 Books   Dewey Decimal Classification       College of Business Education Main Library College of Business Education Main Library General Collection 04/11/2005 10000.00
05/26/2025   658.8 EVA 0000009970 30000.00 05/26/2025 Books   Dewey Decimal Classification       College of Business Education Main Library College of Business Education Main Library General Collection 04/11/2005 10000.00
05/26/2025   658.8 EVA 0000009971 30000.00 05/26/2025 Books   Dewey Decimal Classification       College of Business Education Main Library College of Business Education Main Library General Collection 04/11/2005 10000.00